Ricostruisci la Carriera del Calciatore - Saúl Ñíguez - Statistics

Statistiche generali
  • Questo quiz è stato fatto 3 volte
  • Il punteggio medio è 3 su 6
Statistiche sulle risposte
Hint Risposta % Corretto
2022- Atlético Madrid
67%
2010-2013 Atlético Madrid B
67%
2013-2014 Rayo Vallecano
67%
2012-2013 Atlético Madrid
33%
2021-2022 Chelsea
33%
2014-2021 Atlético Madrid
0%
Nessun quiz corrispondente trovato
Distribuzione punteggi
Percentuale di utenti per punteggio
Percentile per numero di risposta
I tuoi punteggi nel tempo
Non hai fatto questo quiz